Diccionario de filosofía

Збережено в:
Бібліографічні деталі
Автор: Abbagnano, Nicola
Формат: Книга
Мова:Undetermined
Опубліковано: Bogotá, Colombia Fondo de Cultura Económica 1997
Предмети:
Теги: Додати тег
Немає тегів, Будьте першим, хто поставить тег для цього запису!

MARC

LEADER 00000nam a2200000Ia 4500
008 170316s9999 xx 000 0 und d
040 |a cru BVZT 
090 |a R-413 A-2d FILO 
100 |a Abbagnano, Nicola 
245 |a Diccionario de filosofía  |c Nicola Abbagnano; Alfredo N. Galletti, traductor 
260 |a Bogotá, Colombia 
260 |b Fondo de Cultura Económica 
260 |c 1997 
300 |a 1206 páginas 
650 0 |a REFERENCIA  |9 27 
650 0 |a DICCIONARIO  |9 28 
650 0 |a FILOSOFÍA  |9 5 
942 |c REF  |2 z 
999 |c 15033  |d 15033